000 00366nam a2200145Ia 4500
008 230312s9999||||xx |||||||||||||| ||und||
020 _a0-7136-7950-2
082 _a617.1027
_bROL-S
100 _aRole;Christer
245 0 _aSports Injuries Handbook
260 _bA&c Black
_aLondon
_c2007
546 _aEng.
650 _aPhysiotherapy
_vSports Injuries
942 _cBK
999 _c7894
_d7894